| 000 | 00842nam a22002537a 4500 | ||
|---|---|---|---|
| 005 | 20240530110452.0 | ||
| 008 | 150516s2011 ua d g b 000 0dara d | ||
| 017 |
_a13429 _bمصر . دار الكتب المصرية |
||
| 020 | _a9770527289 | ||
| 040 | _aEG-CaGPL | ||
| 082 | 0 | 4 |
_221 _a133.4\ _bط س |
| 100 | 0 | _aطلعت حكيم | |
| 245 | 1 | 0 |
_aسيكولوجية الدجال / _cتاليف طلعت حكيم ؛ تقديم نيفين مصطفى زيور |
| 250 | _aط1 | ||
| 260 |
_aالقاهرة : _bمكتبة الانجلو المصرية ، _c2011 . |
||
| 300 |
_a236 ص : _bايض ؛ _c24 سم |
||
| 504 | _aببليوجرافية : ص 221 - 231 | ||
| 650 | 0 | 4 | _aالدجل |
| 650 | 0 | 4 | _aالخدع |
| 650 | 0 | 4 | _aالتنجيم |
| 650 | 0 | 4 | _aالسحر |
| 942 |
_2ddc _cBK |
||
| 999 |
_c61285 _d61285 |
||